|
|
|
|
| LEADER |
00000nam0a2200000 4500 |
| 001 |
65358 |
| 005 |
20231031070435.0 |
| 035 |
|
|
|a (RuTPU)RU\TPU\book\69379
|
| 090 |
|
|
|a 65358
|
| 100 |
|
|
|a 20040618d2005 m y0rusy50 ca
|
| 101 |
0 |
|
|a rus
|
| 102 |
|
|
|a RU
|
| 105 |
|
|
|a y j 000zy
|
| 200 |
1 |
|
|a Маркетинговые основания в библиотечной деятельности
|e учебное пособие
|f Г. Б. Паршукова
|
| 210 |
|
|
|a Новосибирск
|c ГПНТБ СО РАН
|d 2005
|
| 215 |
|
|
|a 151 с.
|
| 330 |
|
|
|a Рассматриваются особенности маркетинга в библиотеках как некоммерческих организациях. Обращается внимание на специфику социально-этического маркетинга как основной концепции библиотечного маркетинга. Рассмотрены стандарты социальной отчетности и бизнес-планы как инструмент пиар-технологий в библиотеках. Пособие предназначено для системы дополнительного профессионального образования библиотечных специалистов.
|
| 610 |
1 |
|
|a библиотеки
|
| 610 |
1 |
|
|a библиотечная работа
|
| 610 |
1 |
|
|a библиотечная деятельность
|
| 610 |
1 |
|
|a библиотечный маркетинг
|
| 610 |
1 |
|
|a маркетинговые исследования
|
| 610 |
1 |
|
|a бизнес-план
|
| 610 |
1 |
|
|a паблик рилейшнз
|
| 610 |
1 |
|
|a имидж
|
| 610 |
1 |
|
|a реклама
|
| 610 |
1 |
|
|a попечительство
|
| 610 |
1 |
|
|a социальная отчетность
|
| 610 |
1 |
|
|a учебные пособия
|
| 686 |
|
|
|a Ч737я73
|v LBC/SL-A
|2 rubbk
|
| 700 |
|
1 |
|a Паршукова
|b Г. Б.
|g Галина Борисовна
|
| 801 |
|
1 |
|a RU
|b 63413507
|c 20040618
|g PSBO
|
| 801 |
|
2 |
|a RU
|b 63413507
|c 20161222
|g PSBO
|
| 900 |
|
|
|a Маркетинг в социально-культурном сервисе и туризме
|
| 942 |
|
|
|c BK
|